Catálogo
 En Linea

Addendum sobre trastornos por déficit de atención e hiperactividad y motivación-aprendizaje en niños : (Registro nro. 45032)

Detalles MARC
000 -CABECERA
campo de control de longitud fija 01265nam a2200313 i 4500
001 - NÚMERO DE CONTROL
campo de control 000045543
003 - IDENTIFICADOR DEL NÚMERO DE CONTROL
campo de control DO-SdBNP
005 - FECHA Y HORA DE LA ÚLTIMA TRANSACCIÓN
campo de control 20260517215141.0
007 - CAMPO FIJO DE DESCRIPCIÓN FÍSICA--INFORMACIÓN GENERAL
campo de control de longitud fija ta
008 - DATOS DE LONGITUD FIJA--INFORMACIÓN GENERAL
campo de control de longitud fija 150414s2009 dr a 000 0 spa d
020 ## - NÚMERO INTERNACIONAL ESTÁNDAR DEL LIBRO
Número Internacional Estándar del Libro 9789945855364
040 ## - FUENTE DE LA CATALOGACIÓN
Centro catalogador/agencia de origen DO-SdBNP
Lengua de catalogación spa
Centro/agencia transcriptor BNPHU
Normas de descripción rda
041 ## - CÓDIGO DE LENGUA
Código de lengua del texto/banda sonora o título independiente spa
082 #4 - NÚMERO DE LA CLASIFICACIÓN DECIMAL DEWEY
Número de clasificación 371.94
Número de documento/Ítem R577a
Número de edición 23
100 1# - ENTRADA PRINCIPAL--NOMBRE DE PERSONA
Nombre de persona Rímoli, Roberto
Término indicativo de función/relación autor
Código de función/relación aut.
9 (RLIN) 26602
245 10 - MENCIÓN DE TÍTULO
Título Addendum sobre trastornos por déficit de atención e hiperactividad y motivación-aprendizaje en niños :
Resto del título (aproximación a una nueva metodología de análisis) /
Mención de responsabilidad, etc. Roberto Rímoli ; presentación, William AStwood
264 #4 - PRODUCCIÓN, PUBLICACIÓN, DISTRIBUCIÓN, FABRICACIÓN Y COPYRIGHT
Producción, publicación, distribución, fabricación y copyright Santo Domingo, República Dominicana :
Nombre del de productor, editor, distribuidor, fabricante Editora Vetas,
Fecha de producción, publicación, distribución, fabricación o copyright ©2009
300 ## - DESCRIPCIÓN FÍSICA
Extensión 87 páginas :
Otras características físicas ilustraciones ;
Dimensiones 22 cm
336 ## - TIPO DE CONTENIDO
Término de tipo de contenido texto
Código de tipo de contenido txt
Fuente rdacontent
337 ## - TIPO DE MEDIO
Nombre/término del tipo de medio sin mediación
Código del tipo de medio n
Fuente rdamedia
338 ## - TIPO DE SOPORTE
Nombre/término del tipo de soporte volumen
Código del tipo de soporte nc
Fuente rdacarrier
500 ## - NOTA GENERAL
Nota general Incluye datos biográficos del autor en la solapa de la contracubierta
504 ## - NOTA DE BIBLIOGRAFÍA, ETC.
Nota de bibliografía, etc. Bibliografía: páginas 73-78
590 ## - NOTA LOCAL (RLIN)
Nota local Inventariado, 2022/BT
650 #7 - PUNTO DE ACCESO ADICIONAL DE MATERIA--TÉRMINO DE MATERIA
Fuente del encabezamiento o término lemb
Término de materia o nombre geográfico como elemento de entrada Niños austistas
Subdivisión general Educación
9 (RLIN) 89632
650 #7 - PUNTO DE ACCESO ADICIONAL DE MATERIA--TÉRMINO DE MATERIA
Fuente del encabezamiento o término lemb
Término de materia o nombre geográfico como elemento de entrada Niños hiperactivos
Subdivisión general Educación
9 (RLIN) 89633
650 #7 - PUNTO DE ACCESO ADICIONAL DE MATERIA--TÉRMINO DE MATERIA
Fuente del encabezamiento o término aramrc
Término de materia o nombre geográfico como elemento de entrada Trastorno por déficit de atención con hiperactividad
9 (RLIN) 89634
942 ## - ELEMENTOS DE PUNTO DE ACCESO ADICIONAL (KOHA)
Fuente del sistema de clasificación o colocación Dewey Decimal Classification
Tipo de ítem Koha Libro
Existencias
Estado de retiro Estado de pérdida Fuente del sistema de clasificación o colocación Restricciones de uso No para préstamo Código de colección Localización permanente Ubicación/localización actual Ubicación en estantería Fecha de adquisición Código de barras Fecha visto por última vez Precio válido a partir de Tipo de ítem Koha Nota pública Fuente de adquisición Número de copia Total de préstamos Signatura topográfica completa
    Dewey Decimal Classification Excluido de préstamo   Patrimonio Dominicano Biblioteca Nacional Pedro Henríquez Ureña Biblioteca Nacional Pedro Henríquez Ureña En catalogación 14.04.2015 45543-10 25.06.2020 25.06.2020 Libro Perteneció a la biblioteca personal de Erick Landestoy.        
    Dewey Decimal Classification Excluido de préstamo   Patrimonio Dominicano Biblioteca Nacional Pedro Henríquez Ureña Biblioteca Nacional Pedro Henríquez Ureña En catalogación 10.11.2022 2022-5206 10.11.2022 10.11.2022 Libro   Depósito Legal e.2    
    Dewey Decimal Classification Préstamo en sala   Dominicana de Servicio Biblioteca Nacional Pedro Henríquez Ureña Biblioteca Nacional Pedro Henríquez Ureña En catalogación 10.11.2022 2022-5207 10.11.2022 10.11.2022 Libro   Depósito Legal e.3    
    Dewey Decimal Classification Préstamo en sala   Dominicana de Servicio Biblioteca Nacional Pedro Henríquez Ureña Biblioteca Nacional Pedro Henríquez Ureña En catalogación 12.06.2025 2025-12919 11.11.2025 11.11.2025 Libro Donado por Roberto Rímoli Donado por Roberto Rímoli e.4   xxx R577a
    Dewey Decimal Classification Préstamo en sala   Dominicana de Servicio Biblioteca Nacional Pedro Henríquez Ureña Biblioteca Nacional Pedro Henríquez Ureña En catalogación 12.06.2025 2025-12920 11.11.2025 11.11.2025 Libro Donado por Roberto Rímoli Donado por Roberto Rímoli e.5   371.94 R577a

Con tecnología Koha